[Event "España tch 1a Division Sur"]
[Site "Burguillos ESP"]
[Date "2007.08.24"]
[Round "4.72"]
[White "Tierraseca Montero, Pablo"]
[Black "Alonso Garcia, Rene"]
[Result "1/2-1/2"]
[WhiteElo "2119"]
[BlackElo "2384"]
[PlyCount "138"]
[EventDate "2007.08.22"]
[EventType "team"]
[EventRounds "1"]
[EventCountry "ESP"]
[EventCategory "1"]
[Source "lmi"]
[SourceDate "2007.08.22"]
[WhiteTeam "Parque Sur"]
[BlackTeam "Laurus Ronda"]

1. e4 g6 2. Nc3 Bg7 3. g3 d6 4. Bg2 Nf6 5. d3 c6 6. Nf3 Nbd7 7. O-O O-O 8. Nh4
e5 9. Qe1 Re8 10. h3 Nc5 11. Be3 Ne6 12. Rd1 d5 13. Ne2 Nh5 14. c4 Nef4 15. Kh2
Nxg2 16. Nxg2 f5 17. f4 exf4 18. Nexf4 Nxf4 19. Nxf4 d4 20. Bc1 fxe4 21. dxe4
Qe7 22. Qf2 Qf7 23. Qc2 g5 24. Nd3 Qg6 25. Nf2 Bd7 26. c5 Be6 27. Qd3 Rad8 28.
b3 Rd7 29. Bb2 Rf8 30. Qe2 Rfd8 31. Rd3 h5 32. Kg2 Be5 33. Rfd1 g4 34. h4 Kh7
35. R3d2 Qg7 36. Nd3 Bc7 37. Nf4 Bf7 38. Qf2 Be5 39. Rd3 b6 40. Rc1 b5 41. a3
a5 42. Rcd1 Qf6 43. Kh2 Bg6 44. Re1 Rf7 45. Bc1 Qe7 46. b4 a4 47. Qe2 Rdf8 48.
Rf1 Qe8 49. Rdd1 Rf6 50. Rf2 Qd8 51. Kg2 Qe8 52. Kh2 Qf7 53. Rdf1 Qc4 54. Qe1
d3 55. Nxg6 Kxg6 56. Rxf6+ Rxf6 57. Rxf6+ Bxf6 58. Qe3 Kf7 59. Qf4 Kg8 60. Qb8+
Kh7 61. Qf4 Kg8 62. Qb8+ Kh7 63. Qf4 Qf7 64. Qh6+ Kg8 65. Qe3 Qa2+ 66. Bd2 Bc3
67. Qg5+ Bg7 68. Qd8+ Kh7 69. Qxd3 Qc4 1/2-1/2

[Event "España tch 1a Division Sur"]
[Site "Burguillos ESP"]
[Date "2007.08.24"]
[Round "4.74"]
[White "Benitez Fernandez, Martin"]
[Black "Lopez Gonzalez, Daniel"]
[Result "0-1"]
[WhiteElo "2076"]
[BlackElo "2184"]
[PlyCount "128"]
[EventDate "2007.08.22"]
[EventType "team"]
[EventRounds "1"]
[EventCountry "ESP"]
[EventCategory "1"]
[Source "lmi"]
[SourceDate "2007.08.22"]
[WhiteTeam "Parque Sur"]
[BlackTeam "Laurus Ronda"]

1. e4 e5 2. Nf3 Nc6 3. Bb5 a6 4. Bxc6 dxc6 5. O-O f6 6. d4 Bg4 7. c3 Bd6 8. Be3
Ne7 9. Nbd2 Qd7 10. h3 Be6 11. b4 Ng6 12. Re1 O-O 13. Qe2 exd4 14. Nxd4 Bf7 15.
Nf5 Rfe8 16. Nc4 Bf8 17. f3 c5 18. bxc5 Qb5 19. Nd2 Bxc5 20. Rab1 Qxe2 21. Rxe2
Bxe3+ 22. Rxe3 Rad8 23. Nb3 Nf4 24. Nbd4 b5 25. a3 Bc4 26. Rb2 g6 27. Nh6+ Kg7
28. Ng4 c5 29. Nc6 Rd1+ 30. Kh2 h5 31. Nf2 Ra1 32. e5 f5 33. Na5 Bf7 34. e6
Rxe6 35. Rxe6 Bxe6 36. Nb7 Rxa3 37. Nxc5 Bc4 38. Nd1 a5 39. h4 a4 40. Ne3 Rxc3
41. Nxc4 Rxc4 42. Rxb5 Rc2 43. Nxa4 Rxg2+ 44. Kh1 Rg3 45. Nc5 Rxf3 46. Rb4 Nd5
47. Rd4 Nf6 48. Ne6+ Kh6 49. Ng5 Re3 50. Rd6 Ne4 51. Re6 Ng3+ 52. Kg2 Rxe6 53.
Nxe6 Ne4 54. Kf3 g5 55. Nd4 Kg6 56. hxg5 Kxg5 57. Ne6+ Kf6 58. Nf4 h4 59. Nh5+
Ke5 60. Nf4 Ng5+ 61. Ke3 h3 62. Nd3+ Kf6 63. Nf2 h2 64. Kf4 Nh3+ 0-1

[Event "España tch 1a Division Sur"]
[Site "Burguillos ESP"]
[Date "2007.08.24"]
[Round "4.81"]
[White "Arizmendi Martinez, Julen Luis"]
[Black "Escobar Dominguez, Daniel"]
[Result "1/2-1/2"]
[WhiteElo "2522"]
[BlackElo "2320"]
[PlyCount "45"]
[EventDate "2007.08.22"]
[EventType "team"]
[EventRounds "1"]
[EventCountry "ESP"]
[EventCategory "1"]
[Source "lmi"]
[SourceDate "2007.08.22"]
[WhiteTeam "EVA-Valencia"]
[BlackTeam "Shahmat"]

1. e4 c5 2. Nf3 e6 3. Nc3 a6 4. d4 cxd4 5. Nxd4 Qc7 6. g3 Nc6 7. Bg2 d6 8. O-O
Bd7 9. Re1 Nf6 10. Nxc6 Bxc6 11. Nd5 Bxd5 12. exd5 e5 13. a4 Be7 14. a5 O-O 15.
Be3 Nd7 16. c3 Kh8 17. Qd3 f5 18. f3 Rae8 19. Kh1 Bd8 20. Qc2 Nf6 21. Qxf5 Nxd5
22. Qe4 Nf6 23. Qb4 1/2-1/2

[Event "España tch 1a Division Sur"]
[Site "Burguillos ESP"]
[Date "2007.08.24"]
[Round "4.84"]
[White "Urbina Perez, Juan Antonio"]
[Black "Andres Julia, Vicente Ramon"]
[Result "1/2-1/2"]
[WhiteElo "2163"]
[BlackElo "2153"]
[PlyCount "125"]
[EventDate "2007.08.22"]
[EventType "team"]
[EventRounds "1"]
[EventCountry "ESP"]
[EventCategory "1"]
[Source "lmi"]
[SourceDate "2007.08.22"]
[WhiteTeam "Shahmat"]
[BlackTeam "EVA-Valencia"]

1. e4 d5 2. exd5 Nf6 3. Nf3 Qxd5 4. Nc3 Qa5 5. d4 Bg4 6. h3 Bh5 7. Bd2 c6 8.
Bc4 e6 9. Qe2 Qc7 10. g4 Bg6 11. g5 Nfd7 12. d5 e5 13. O-O-O Bd6 14. dxc6 bxc6
15. Nh4 Nb6 16. Nxg6 hxg6 17. Ne4 Nxc4 18. Qxc4 Be7 19. Bb4 c5 20. Bc3 Nd7 21.
h4 Kf8 22. Qb5 Rd8 23. Ba5 Nb6 24. Rxd8+ Qxd8 25. Rd1 Qe8 26. Qa6 Rxh4 27. f3
Kg8 28. Bxb6 axb6 29. Qxb6 Qa4 30. Kb1 Qd7 31. Nc3 Qf5 32. Qb8+ Kh7 33. Qb7
Bxg5 34. a3 Rh2 35. Ne4 Be3 36. Rd7 Qe6 37. Rd1 f5 38. Nc3 Bd4 39. Nd5 e4 40.
c3 Be5 41. fxe4 fxe4 42. Rg1 e3 43. Nxe3 Bxc3 44. Nd1 Bf6 45. Rh1 Qf5+ 46. Ka1
Qc2 47. Rxh2+ Qxh2 48. Qe4 Qg1 49. Qd3 Qg4 50. Ka2 c4 51. Qd5 Qd4 52. Qh1+ Kg8
53. Qa8+ Qd8 54. Qa4 Qd5 55. Kb1 Qd3+ 56. Qc2 Kf7 57. Qxd3 cxd3 58. Nf2 d2 59.
Kc2 Ke6 60. b4 Kd5 61. Kxd2 Kc4 62. Ne4 Be7 63. Ke3 1/2-1/2

[Event "España tch 1a Division Sur"]
[Site "Burguillos ESP"]
[Date "2007.08.24"]
[Round "4.91"]
[White "Fenollar Jorda, Manuel"]
[Black "Razmyslov, Alexander"]
[Result "0-1"]
[WhiteElo "2267"]
[BlackElo "2354"]
[PlyCount "104"]
[EventDate "2007.08.22"]
[EventType "team"]
[EventRounds "1"]
[EventCountry "ESP"]
[EventCategory "1"]
[Source "lmi"]
[SourceDate "2007.08.22"]
[WhiteTeam "Oliva"]
[BlackTeam "Olivares"]

1. d4 e6 2. Nf3 c5 3. e3 cxd4 4. exd4 Nf6 5. Bd3 b6 6. O-O Bb7 7. Bf4 Nc6 8. c3
Be7 9. Nbd2 O-O 10. Re1 Rc8 11. Nf1 Na5 12. Qe2 d6 13. Ng3 Re8 14. Ng5 Bf8 15.
Qc2 g6 16. a3 Bd5 17. Qe2 Bc4 18. Rad1 b5 19. N5e4 Nd5 20. Bg5 Be7 21. h4 Bxd3
22. Qxd3 Nc4 23. Rb1 a5 24. Bxe7 Qxe7 25. h5 b4 26. cxb4 axb4 27. a4 f5 28.
hxg6 hxg6 29. Nc5 Nxb2 30. Nxf5 gxf5 31. Qg3+ Qg7 32. Qxd6 Nc4 33. Qa6 Nf4 34.
Qb7 Qxb7 35. Nxb7 Nd5 36. a5 Ra8 37. Nc5 Rxa5 38. Nxe6 Ra3 39. Nc5 Rxe1+ 40.
Rxe1 b3 41. Nxb3 Rxb3 42. Rc1 Ncb6 43. Rd1 Kf7 44. g3 Rb2 45. Rd3 Kg6 46. Kg2
Kg5 47. Kf3 Nc4 48. Kg2 Nce3+ 49. Kg1 Rb1+ 50. Kh2 Ng4+ 51. Kg2 Rb2 52. Rf3
Nde3+ 0-1

[Event "España tch 1a Division Sur"]
[Site "Burguillos ESP"]
[Date "2007.08.24"]
[Round "4.92"]
[White "Garrido Dominguez, Jesus"]
[Black "Mengual Bolo, Carlos"]
[Result "1-0"]
[WhiteElo "2309"]
[BlackElo "2145"]
[PlyCount "131"]
[EventDate "2007.08.22"]
[EventType "team"]
[EventRounds "1"]
[EventCountry "ESP"]
[EventCategory "1"]
[Source "lmi"]
[SourceDate "2007.08.22"]
[WhiteTeam "Olivares"]
[BlackTeam "Oliva"]

1. e4 e5 2. Nf3 Nf6 3. Nxe5 d6 4. Nf3 Nxe4 5. c4 Be7 6. Nc3 Nf6 7. d4 O-O 8.
Bd3 Nc6 9. h3 d5 10. O-O Nb4 11. Be2 Bf5 12. a3 Nc6 13. Ne5 dxc4 14. Nxc6 bxc6
15. Bxc4 Bd6 16. Qf3 Qd7 17. Bg5 Be7 18. Rad1 Bg6 19. d5 c5 20. Bb5 Qf5 21.
Qxf5 Bxf5 22. Rfe1 Bd6 23. Rd2 Rad8 24. Rc1 h6 25. Be3 Bd7 26. Be2 Rfe8 27. Nb5
Bxb5 28. Bxb5 Re5 29. Bc6 Kf8 30. Kf1 g5 31. Rd3 Be7 32. Bxc5 Bxc5 33. Rxc5 Rd6
34. f3 Ke7 35. Kf2 a6 36. b4 Nd7 37. Bxd7 Kxd7 38. Rdc3 Rexd5 39. Rxc7+ Ke8 40.
Re3+ Kf8 41. Ree7 Rf6 42. Red7 Rxd7 43. Rxd7 Re6 44. Rb7 Kg7 45. a4 Rc6 46. Ke3
h5 47. g3 Rc3+ 48. Ke4 Kg6 49. Rb6+ f6 50. a5 h4 51. gxh4 Rc4+ 52. Kd5 Rxh4 53.
Kc5 Rxh3 54. Rxa6 Rxf3 55. Ra8 g4 56. Rg8+ Kh5 57. a6 Ra3 58. b5 g3 59. b6 Rxa6
60. b7 Ra5+ 61. Kd4 Rb5 62. b8=Q Rxb8 63. Rxb8 Kg4 64. Ke3 f5 65. Rg8+ Kh3 66.
Kf3 1-0

[Event "España tch 1a Division Sur"]
[Site "Burguillos ESP"]
[Date "2007.08.24"]
[Round "4.93"]
[White "Pous Bargues, Jose Manuel"]
[Black "Barrero Garcia, Carlos"]
[Result "0-1"]
[WhiteElo "2115"]
[BlackElo "2297"]
[PlyCount "62"]
[EventDate "2007.08.22"]
[EventType "team"]
[EventRounds "1"]
[EventCountry "ESP"]
[EventCategory "1"]
[Source "lmi"]
[SourceDate "2007.08.22"]
[WhiteTeam "Oliva"]
[BlackTeam "Olivares"]

1. d4 Nf6 2. c4 g6 3. Nc3 Bg7 4. e4 d6 5. Be2 O-O 6. Bg5 Na6 7. Qd2 e5 8. d5
Qe8 9. f3 Nh5 10. Be3 Nf4 11. Bf1 f5 12. g3 Nh5 13. Bf2 Nf6 14. Bh3 Bd7 15.
Nge2 fxe4 16. Bxd7 Qxd7 17. Nxe4 Nxe4 18. fxe4 Qh3 19. Be3 Qg2 20. O-O-O Qxe4
21. b3 Rf3 22. Bg5 Nc5 23. Qc2 Qg4 24. h4 Raf8 25. Kb1 Rf2 26. Rd2 Ne4 27. Re1
R8f3 28. Rd3 Rxd3 29. Qxd3 Rxe2 30. Rc1 Nxg5 31. hxg5 e4 0-1

[Event "España tch 1a Division Sur"]
[Site "Burguillos ESP"]
[Date "2007.08.24"]
[Round "4.94"]
[White "Herrera Delgado, Alejandro"]
[Black "Canet Llido, Vicente"]
[Result "1-0"]
[WhiteElo "2150"]
[BlackElo "2062"]
[PlyCount "59"]
[EventDate "2007.08.22"]
[EventType "team"]
[EventRounds "1"]
[EventCountry "ESP"]
[EventCategory "1"]
[Source "lmi"]
[SourceDate "2007.08.22"]
[WhiteTeam "Aljasur-Olivares"]
[BlackTeam "Valencia-Oliva"]

1. e4 c6 2. d4 d5 3. e5 Bf5 4. Nf3 e6 5. Be2 c5 6. Be3 Qb6 7. Nc3 Nd7 8. O-O a6
9. Na4 Qc7 10. dxc5 Nxc5 11. c3 Nd7 12. Qd4 Ne7 13. Nb6 Rd8 14. Nxd7 Rxd7 15.
Rfd1 Nc6 16. Qf4 Be7 17. c4 Be4 18. cxd5 Bxd5 19. Qg3 Bf8 20. b3 g6 21. Rac1
Ba3 22. Rc2 O-O 23. Bg5 Be7 24. Qh4 Bxf3 25. Rxd7 Qxd7 26. Bxf3 Nxe5 27. Bxe7
Nxf3+ 28. gxf3 Qd1+ 29. Kg2 Qxc2 30. Qh6 1-0

[Event "España tch 1a Division Sur"]
[Site "Burguillos ESP"]
[Date "2007.08.25"]
[Round "5.12"]
[White "De La Villa Garcia, Jesus Maria"]
[Black "Spraggett, Kevin"]
[Result "1/2-1/2"]
[WhiteElo "2457"]
[BlackElo "2585"]
[PlyCount "104"]
[EventDate "2007.08.22"]
[EventType "team"]
[EventRounds "1"]
[EventCountry "ESP"]
[EventCategory "1"]
[Source "lmi"]
[SourceDate "2007.08.22"]

1. e4 c5 2. Nf3 d6 3. d4 cxd4 4. Nxd4 Nf6 5. Nc3 a6 6. Be3 e6 7. Qd2 b5 8. f3
h5 9. a4 b4 10. Na2 d5 11. e5 Nfd7 12. f4 Nc5 13. Bd3 a5 14. O-O g6 15. Nc1 Bd7
16. Ncb3 Nba6 17. Bxa6 Rxa6 18. Nxc5 Bxc5 19. Nb3 Be7 20. Bc5 Bxc5+ 21. Nxc5
Rc6 22. Nb3 Qb6+ 23. Nd4 Rc4 24. Rad1 Kd8 25. Rf3 Kc8 26. b3 Rc7 27. Qf2 Kb7
28. Rd2 Rhc8 29. h3 Rc5 30. Kh2 Qd8 31. Qg3 Be8 32. Rdd3 Qe7 33. Rfe3 Bd7 34.
Kg1 Ka8 35. Rf3 Kb7 36. Qe1 R5c7 37. Kh2 Rh8 38. h4 Rhc8 39. Qg3 Be8 40. Kg1
Rc5 41. Qg5 Qc7 42. Kh2 Qb6 43. Qf6 R5c7 44. Qg5 Ka8 45. Qg3 Rc5 46. Qg5 R5c7
47. Qf6 Kb7 48. Rfe3 Ka6 49. Qg5 Kb7 50. Qg3 Bd7 51. Qg5 Be8 52. Qg3 Bd7
1/2-1/2

[Event "España tch 1a Division Sur"]
[Site "Burguillos ESP"]
[Date "2007.08.25"]
[Round "5.13"]
[White "Romero Holmes, Alfonso"]
[Black "Huerga Leache, Mikel"]
[Result "1-0"]
[WhiteElo "2519"]
[BlackElo "2370"]
[PlyCount "51"]
[EventDate "2007.08.22"]
[EventType "team"]
[EventRounds "1"]
[EventCountry "ESP"]
[EventCategory "1"]
[Source "lmi"]
[SourceDate "2007.08.22"]

1. c4 e5 2. Nc3 Nf6 3. Nf3 Nc6 4. d3 Bb4 5. Bg5 h6 6. Bh4 e4 7. dxe4 g5 8. e5
Ne4 9. Qc2 d5 10. O-O-O Bxc3 11. cxd5 Bf5 12. dxc6 Qc8 13. bxc3 bxc6 14. Rd4
Rb8 15. Rxe4 Bxe4 16. Qxe4 Qa6 17. e3 Qa3+ 18. Kd1 Qxa2 19. Bd3 Rb2 20. Bc2
Qa1+ 21. Kd2 Qxh1 22. Qxc6+ Kf8 23. Qf6 Rh7 24. Nd4 Rxc2+ 25. Kxc2 Ke8 26. Qf5
1-0

[Event "España tch 1a Division Sur"]
[Site "Burguillos ESP"]
[Date "2007.08.25"]
[Round "5.14"]
[White "Navarro Cia, Miguel"]
[Black "Gomez Esteban, Juan Mario"]
[Result "1/2-1/2"]
[WhiteElo "2356"]
[BlackElo "2482"]
[PlyCount "55"]
[EventDate "2007.08.22"]
[EventType "team"]
[EventRounds "1"]
[EventCountry "ESP"]
[EventCategory "1"]
[Source "lmi"]
[SourceDate "2007.08.22"]

1. e4 c6 2. Nc3 d5 3. d4 dxe4 4. Nxe4 Bf5 5. Ng3 Bg6 6. h4 h6 7. Nf3 Nd7 8. h5
Bh7 9. Bd3 Bxd3 10. Qxd3 e6 11. Bf4 Ngf6 12. O-O-O Be7 13. Kb1 Qa5 14. Ne4 O-O
15. g4 Nxg4 16. Rdg1 f5 17. Ne5 Ndxe5 18. dxe5 Qd5 19. Qg3 Qxe4 20. f3 Qc4 21.
fxg4 fxg4 22. Qxg4 Bg5 23. Bxg5 Qxg4 24. Rxg4 hxg5 25. Rxg5 Rf5 26. Rhg1 Rxg5
27. Rxg5 Rd8 28. c3 1/2-1/2

[Event "España tch 1a Division Sur"]
[Site "Burguillos ESP"]
[Date "2007.08.25"]
[Round "5.21"]
[White "Herraiz Hidalgo, Herminio"]
[Black "Galego, Luis"]
[Result "1/2-1/2"]
[WhiteElo "2481"]
[BlackElo "2524"]
[PlyCount "39"]
[EventDate "2007.08.22"]
[EventType "team"]
[EventRounds "1"]
[EventCountry "ESP"]
[EventCategory "1"]
[Source "lmi"]
[SourceDate "2007.08.22"]

1. Nf3 Nf6 2. c4 e6 3. Nc3 d5 4. d4 dxc4 5. e4 a6 6. e5 Nd5 7. Bxc4 Nxc3 8.
bxc3 c5 9. O-O Nc6 10. Qe2 cxd4 11. Rd1 Be7 12. cxd4 Nb4 13. Qe4 O-O 14. Qg4
Kh8 15. a3 b5 16. Bb3 Nd5 17. Ng5 Bxg5 18. Bxg5 f6 19. exf6 gxf6 20. Bh6
1/2-1/2

[Event "España tch 1a Division Sur"]
[Site "Burguillos ESP"]
[Date "2007.08.25"]
[Round "5.23"]
[White "Fernandez Barrera, Victor"]
[Black "Glud, Jakob Vang"]
[Result "0-1"]
[WhiteElo "2204"]
[BlackElo "2424"]
[PlyCount "84"]
[EventDate "2007.08.22"]
[EventType "team"]
[EventRounds "1"]
[EventCountry "ESP"]
[EventCategory "1"]
[Source "lmi"]
[SourceDate "2007.08.22"]

1. e4 e5 2. Nf3 Nc6 3. Bb5 a6 4. Bxc6 dxc6 5. O-O f6 6. d4 Bg4 7. dxe5 Qxd1 8.
Rxd1 fxe5 9. Rd3 Bd6 10. Nbd2 b5 11. b3 Ne7 12. h3 Be6 13. Nf1 Ng6 14. Ng5 Bd7
15. Rf3 Nh4 16. Rg3 O-O 17. Nh2 Rae8 18. Be3 c5 19. Ngf3 Ng6 20. Nd2 Bc6 21.
Rf3 Nf4 22. Re1 Rf7 23. h4 Rfe7 24. g3 Ne6 25. c3 a5 26. h5 b4 27. c4 Nd4 28.
Bxd4 exd4 29. Rd3 Bxe4 30. Nxe4 Rxe4 31. Rxe4 Rxe4 32. Kf1 Re5 33. h6 Rh5 34.
Ng4 Rg5 35. f3 Bxg3 36. hxg7 Kxg7 37. Kg2 Bf4 38. Kh3 h5 39. Nf2 Rg3+ 40. Kh4
Rg2 41. Nh3 Be3 42. Kxh5 Rxa2 0-1

[Event "España tch 1a Division Sur"]
[Site "Burguillos ESP"]
[Date "2007.08.25"]
[Round "5.24"]
[White "Mascaro March, Pedro"]
[Black "Espinosa Aranda, Angel"]
[Result "1-0"]
[WhiteElo "2390"]
[BlackElo "2184"]
[PlyCount "87"]
[EventDate "2007.08.22"]
[EventType "team"]
[EventRounds "1"]
[EventCountry "ESP"]
[EventCategory "1"]
[Source "lmi"]
[SourceDate "2007.08.22"]

1. d4 d5 2. c4 dxc4 3. Nf3 Nf6 4. e3 e6 5. Bxc4 a6 6. Bb3 c5 7. O-O Nc6 8. Nc3
Be7 9. dxc5 Qxd1 10. Rxd1 Bxc5 11. Ng5 Ke7 12. Nge4 Ba7 13. Nxf6 gxf6 14. Bd2
Bd7 15. Rac1 Rhg8 16. Ne4 Rg4 17. f3 Rg6 18. Kf2 Rag8 19. g3 h5 20. Ba4 Bb8 21.
Bb4+ Ke8 22. Bd6 Ba7 23. Bc7 Ke7 24. Nd6 b5 25. Bc2 R6g7 26. Ne4 Rg6 27. Nc5
Bxc5 28. Bxg6 Bxe3+ 29. Kxe3 fxg6 30. Bd6+ Ke8 31. Rd2 e5 32. Bc5 Rg7 33. Rd6
Rf7 34. h4 a5 35. Bb6 Ne7 36. Kf2 Nf5 37. Rd2 a4 38. Rc7 g5 39. Ra7 Ng7 40. Bc5
Kd8 41. Bd6 Ne8 42. Ra8+ Bc8 43. Bb4+ Kc7 44. Rc2+ 1-0

[Event "España tch 1a Division Sur"]
[Site "Burguillos ESP"]
[Date "2007.08.25"]
[Round "5.31"]
[White "Andres Gonzalez, Ivan"]
[Black "Mirzoev, Azer"]
[Result "1/2-1/2"]
[WhiteElo "2392"]
[BlackElo "2551"]
[PlyCount "58"]
[EventDate "2007.08.22"]
[EventType "team"]
[EventRounds "1"]
[EventCountry "ESP"]
[EventCategory "1"]
[Source "lmi"]
[SourceDate "2007.08.22"]

1. e4 e5 2. Nf3 Nc6 3. d4 exd4 4. Nxd4 Bc5 5. Nxc6 Qf6 6. Qf3 Qxf3 7. gxf3 bxc6
8. Be3 Bxe3 9. fxe3 Rb8 10. b3 d6 11. Rg1 Ne7 12. Nd2 O-O 13. Nc4 Be6 14. e5
Nf5 15. exd6 cxd6 16. Kf2 d5 17. Ne5 Rfc8 18. Ba6 Rc7 19. Rgd1 Re8 20. Bd3 f6
21. Bxf5 Bxf5 22. Nd3 g5 23. Rac1 Kf7 24. Nc5 Rce7 25. Re1 h5 26. c4 g4 27.
cxd5 cxd5 28. Rcd1 gxf3 29. Rxd5 Re5 1/2-1/2

[Event "España tch 1a Division Sur"]
[Site "Burguillos ESP"]
[Date "2007.08.25"]
[Round "5.33"]
[White "Suarez Real, Alberto"]
[Black "Baches Garcia, Guillermo"]
[Result "1/2-1/2"]
[WhiteElo "2386"]
[BlackElo "2373"]
[PlyCount "64"]
[EventDate "2007.08.22"]
[EventType "team"]
[EventRounds "1"]
[EventCountry "ESP"]
[EventCategory "1"]
[Source "lmi"]
[SourceDate "2007.08.22"]

1. e4 c5 2. Nf3 Nc6 3. d4 cxd4 4. Nxd4 e5 5. Nb5 d6 6. N1c3 a6 7. Na3 Be6 8.
Nc4 Rb8 9. Nd5 b5 10. Nce3 Be7 11. g3 h5 12. Bg2 h4 13. O-O Qd7 14. Re1 Bd8 15.
c3 g6 16. a4 Kf8 17. axb5 axb5 18. b4 Kg7 19. Ra6 Qb7 20. Ra3 Nf6 21. Nxf6 Bxf6
22. Nd5 Bd8 23. Be3 Qc8 24. Qd3 hxg3 25. hxg3 Ne7 26. Nxe7 Bxe7 27. Ra7 Qd8 28.
Qd2 Rh5 29. Bf3 Rh3 30. Bg2 Rh5 31. Bf3 Rh3 32. Bg2 Rh5 1/2-1/2

[Event "España tch 1a Division Sur"]
[Site "Burguillos ESP"]
[Date "2007.08.25"]
[Round "5.34"]
[White "Oussama, Omar"]
[Black "Recuero Guerra, David"]
[Result "0-1"]
[WhiteElo "2330"]
[BlackElo "2378"]
[PlyCount "66"]
[EventDate "2007.08.22"]
[EventType "team"]
[EventRounds "1"]
[EventCountry "ESP"]
[EventCategory "1"]
[Source "lmi"]
[SourceDate "2007.08.22"]

1. c4 e5 2. g3 Nf6 3. Bg2 h6 4. e3 d5 5. cxd5 Nxd5 6. a3 Be7 7. d4 exd4 8. Qxd4
Be6 9. Ne2 Bf6 10. Qa4+ c6 11. O-O O-O 12. Qc2 Nd7 13. Rd1 Qe7 14. e4 N5b6 15.
Nbc3 Nc5 16. Re1 Bb3 17. Qb1 Nc4 18. f4 Rad8 19. e5 Nd3 20. Rf1 Qc5+ 21. Kh1
Be7 22. h3 f5 23. exf6 Bxf6 24. Ne4 Qb6 25. Kh2 Bxb2 26. Bxb2 Ncxb2 27. f5 Bd5
28. N2c3 Qd4 29. Qc2 Nc4 30. Rad1 Bf7 31. Nf2 Ne3 32. Rxd3 Nxc2 33. Rxd4 Rxd4
0-1

[Event "España tch 1a Division Sur"]
[Site "Burguillos ESP"]
[Date "2007.08.25"]
[Round "5.41"]
[White "Almagro Llamas, Pablo"]
[Black "Matamoros Franco, Carlos S"]
[Result "1/2-1/2"]
[WhiteElo "2413"]
[BlackElo "2528"]
[PlyCount "44"]
[EventDate "2007.08.22"]
[EventType "team"]
[EventRounds "1"]
[EventCountry "ESP"]
[EventCategory "1"]
[Source "lmi"]
[SourceDate "2007.08.22"]
[WhiteTeam "Amigos del Retiro"]
[BlackTeam "Laurus-Ronda"]

1. e4 c6 2. d4 d5 3. Nc3 dxe4 4. Nxe4 Bf5 5. Ng3 Bg6 6. Nf3 Nd7 7. Bd3 Ngf6 8.
O-O e6 9. Re1 Bxd3 10. Qxd3 Be7 11. c4 O-O 12. b3 Qa5 13. a3 Rfe8 14. Bb2 Rad8
15. Qc2 c5 16. b4 cxb4 17. axb4 Qxb4 18. Ba3 Qb6 19. Bxe7 Rxe7 20. Reb1 Qc6 21.
Rxa7 b6 22. Qa4 Qxa4 1/2-1/2

[Event "España tch 1a Division Sur"]
[Site "Burguillos ESP"]
[Date "2007.08.25"]
[Round "5.42"]
[White "Alonso Garcia, Rene"]
[Black "Vallejo Diaz, Javier"]
[Result "1-0"]
[WhiteElo "2384"]
[BlackElo "2319"]
[PlyCount "57"]
[EventDate "2007.08.22"]
[EventType "team"]
[EventRounds "1"]
[EventCountry "ESP"]
[EventCategory "1"]
[Source "lmi"]
[SourceDate "2007.08.22"]
[WhiteTeam "Laurus-Ronda"]
[BlackTeam "Amigos del Retiro"]

1. d4 d5 2. c4 c6 3. Nf3 Nf6 4. Nc3 dxc4 5. a4 Bf5 6. Ne5 Nbd7 7. Nxc4 Nd5 8.
e3 e6 9. Be2 Be7 10. O-O O-O 11. Bf3 N7f6 12. Qb3 Bd3 13. Nxd5 Bxf1 14. Nxe7+
Qxe7 15. Kxf1 Rac8 16. Bd2 Rfd8 17. Na5 Rc7 18. Bb4 Qd7 19. Nc4 Nd5 20. Ba3 f6
21. a5 Rcc8 22. Bc5 Ra8 23. g3 b6 24. axb6 axb6 25. Rxa8 Rxa8 26. Nxb6 Qb7 27.
e4 Ra1+ 28. Kg2 Qa6 29. Nc4 1-0

[Event "España tch 1a Division Sur"]
[Site "Burguillos ESP"]
[Date "2007.08.25"]
[Round "5.43"]
[White "Perez Gonzalez, Jose Manuel"]
[Black "Naranjo Moreno, Antonio"]
[Result "0-1"]
[WhiteElo "2297"]
[BlackElo "2240"]
[PlyCount "114"]
[EventDate "2007.08.22"]
[EventType "team"]
[EventRounds "1"]
[EventCountry "ESP"]
[EventCategory "1"]
[Source "lmi"]
[SourceDate "2007.08.22"]
[WhiteTeam "Amigos del Retiro"]
[BlackTeam "Laurus Ronda"]

1. e4 e5 2. Nf3 Nc6 3. Bc4 Nf6 4. d4 exd4 5. e5 d5 6. Bb5 Ne4 7. Nxd4 Bd7 8.
Bxc6 bxc6 9. O-O Bc5 10. f3 Ng5 11. f4 Ne4 12. Be3 Bb6 13. Nd2 Nxd2 14. Qxd2 c5
15. Nf3 d4 16. Bf2 Bc6 17. Bh4 Qd5 18. f5 h6 19. Qf4 Qe4 20. Qg3 g5 21. fxg6
Qxg6 22. e6 Qxg3 23. exf7+ Kxf7 24. Bxg3 Bxf3 25. Rxf3+ Ke6 26. Re1+ Kd5 27.
Re5+ Kc6 28. Rf6+ Kb5 29. Rh5 Rae8 30. Be5 Kc4 31. Kf2 Rh7 32. Kf3 Rhe7 33. Ke4
c6 34. Kf4 Rxe5 35. Rxe5 Bc7 36. Rff5 d3 37. cxd3+ Kd4 38. Rf7 Bxe5+ 39. Kf5
Kxd3 40. b3 Bd4 41. Rc7 Re2 42. Rxc6 Rxg2 43. Rxh6 Rf2+ 44. Ke6 Rxa2 45. Kd5
Kc3 46. h4 Kxb3 47. Rh7 Rd2 48. Rb7+ Kc3 49. Rxa7 Bf2+ 50. Kc6 c4 51. Rh7 Bd4
52. h5 Rh2 53. Kd5 Kd3 54. h6 Be3 55. Rc7 Rh5+ 56. Ke6 Rxh6+ 57. Kd5 c3 0-1

[Event "España tch 1a Division Sur"]
[Site "Burguillos ESP"]
[Date "2007.08.25"]
[Round "5.52"]
[White "Soto Perez, Sergio"]
[Black "Garrido Dominguez, Jesus"]
[Result "1-0"]
[WhiteElo "2336"]
[BlackElo "2309"]
[PlyCount "61"]
[EventDate "2007.08.22"]
[EventType "team"]
[EventRounds "1"]
[EventCountry "ESP"]
[EventCategory "1"]
[Source "lmi"]
[SourceDate "2007.08.22"]
[WhiteTeam "Motril"]
[BlackTeam "Olivares"]

1. e4 e5 2. Nf3 Nc6 3. d4 exd4 4. Nxd4 Bb4+ 5. c3 Bc5 6. Be3 Bb6 7. Nf5 Bxe3 8.
Nxe3 Nf6 9. f3 O-O 10. c4 d6 11. Nc3 Nh5 12. Qd2 Ne5 13. O-O-O Be6 14. g4 Nf4
15. h4 Nfg6 16. Qf2 Qf6 17. Nf5 Bxc4 18. g5 Qe6 19. f4 Bxf1 20. fxe5 Bc4 21.
exd6 cxd6 22. Rxd6 Qe5 23. h5 Qf4+ 24. Qxf4 Nxf4 25. h6 Ne6 26. b3 Ba6 27. hxg7
Rfc8 28. Kb2 Nxg7 29. Ne7+ Kf8 30. Nxc8 Rxc8 31. Rxh7 1-0

[Event "España tch 1a Division Sur"]
[Site "Burguillos ESP"]
[Date "2007.08.25"]
[Round "5.53"]
[White "Barrero Garcia, Carlos"]
[Black "Camacho Collados, Jose"]
[Result "1-0"]
[WhiteElo "2297"]
[BlackElo "2269"]
[PlyCount "51"]
[EventDate "2007.08.22"]
[EventType "team"]
[EventRounds "1"]
[EventCountry "ESP"]
[EventCategory "1"]
[Source "lmi"]
[SourceDate "2007.08.22"]
[WhiteTeam "Olivares"]
[BlackTeam "Motril"]

1. d4 Nf6 2. c4 g6 3. Nc3 Bg7 4. Nf3 O-O 5. e3 d5 6. b4 Bf5 7. Qb3 dxc4 8. Bxc4
Nbd7 9. Ng5 e6 10. e4 Bg4 11. h3 Nb6 12. hxg4 Qxd4 13. Bxe6 fxe6 14. Nxe6 Qc4
15. Nxg7 Nxg4 16. Ne6 Rxf2 17. Rg1 h5 18. Be3 Qxb3 19. axb3 Rc2 20. Bd2 Re8 21.
Nd4 Rb2 22. O-O-O Rd8 23. Kxb2 Rxd4 24. Be3 Rxb4 25. Bc5 Nc4+ 26. Ka2 1-0